LEADER 00801nam0-22003131i-450- 001 990002023060403321 005 20021010 035 $a000202306 035 $aFED01000202306 035 $a(Aleph)000202306FED01 035 $a000202306 100 $a20021010d--------km-y0itay50------ba 101 0 $aita 200 1 $aFrancis Walker's Aphids.$fJohn P. Doncaster 210 $aLondon$cTrustees Brit. Mus.$d1961 215 $a165 p.$d24 cm 610 0 $aOmotteri 610 0 $aRincoti 610 0 $aAfidi 676 $a595.752 700 1$aDoncaster,$bJohn P.$085829 801 0$aIT$bUNINA$gRICA$2UNIMARC 901 $aBK 912 $a990002023060403321 952 $a61 IV F.5/55$b4461$fDAGEN 959 $aDAGEN 996 $aFrancis Walker's Aphids$9405290 997 $aUNINA DB $aING01 LEADER 01063nam0 22002771i 450 001 UON00256653 005 20231205103655.105 010 $a31-501-7638-7 100 $a20040728d2003 |0itac50 ba 101 $ager 102 $aDE 105 $a||||0 ||||| 200 1 $aHeinrich Heine$fBernd Kortländer 210 $aStuttgart$cReclam jun.$dc2003 215 $a366 p.$cill.$d15 cm 606 $aHEINE HEINRICH$3UONC040563$2FI 620 $aDE$dWiesbaden$3UONL003153 676 $a831$cPoesia tedesca$v21 700 1$aKORTLÄNDER$bBernd$3UONV150466$0457132 712 $aReclam$3UONV260734$4650 801 $aIT$bSOL$c20240220$gRICA 912 $aUON00256653 950 $aSIBA - SISTEMA BIBLIOTECARIO DI ATENEO$dSI F. Goethe 830 HEI 2786 $eSI 44496 5 2786 950 $aSIBA - SISTEMA BIBLIOTECARIO DI ATENEO$dSI TED 1 U.B KOR $eSI DC 21 5 996 $aHeinrich Heine$91238419 997 $aUNIOR